Anar al contingut

Особенности правосудия по искам детей или в их интересах Глава

Guardat en:
Dades bibliogràfiques
Autor principal: Зубарева О. Г.
Format: Глава
Edició:1
Accés en línia:https://znanium.com/catalog/document?id=111317
https://znanium.com/cover/0515/515318.jpg
Etiquetes: Afegir etiqueta
Sense etiquetes, Sigues el primer a etiquetar aquest registre!
LEADER 01672nam0a2200241 i 4500
001 RU\infra-m\znanium\bibl\515318
003 https://znanium.com/catalog/document?id=111317
005 20250611000000.0
010 |a 978-5-16-113802-1  |b электр. издание 
100 |a 20250611d2015 m y0rusy0150 ca 
101 0 |a rus 
102 |a RU 
200 1 |a Особенности правосудия по искам детей или в их интересах  |e Глава  |f Российская академия народного хозяйства и государственной службы при Президенте РФ, ф-л Южно-Российский институт управления 
205 |a 1 
210 1 |a Москва  |c ООО "Научно-издательский центр ИНФРА-М"  |d 2015 
215 |a 5 с. 
333 |a Аспирантура 
606 |a Право. Юридические науки  |x Семейное право  |2 local 
608 |a Глава  |2 local 
700 1 |a Зубарева  |b О. Г.  |g Ольга Григорьевна  |p Российская академия народного хозяйства и государственной службы при Президенте РФ, ф-л Южно-Российский институт управления 
801 0 |a RU  |b Общество с ограниченной ответственностью «ЗНАНИУМ»  |c 20150519  |2 rusmarc 
856 4 |a znanium.com  |m ebs_support@infra-m.ru  |n НИЦ ИНФРА-М  |u https://znanium.com/catalog/document?id=111317 
856 4 1 |a znanium.com  |d /cover/0515  |f 515318.jpg  |q image/jpeg  |u https://znanium.com/cover/0515/515318.jpg